Obchodné rokovania v nemčine (informácia o novej publikácii)

Informácia o nemeckej časti publikácie Obchodné rokovania v nemčine a angličtine. Teoretická časť popisuje jednotlivé zložky obchodného rokovania. Praktická časť obsahuje rokovania k jednotlivým obchodným prípadom. Poslednú časť tvorí Jazyk obchodných rokovaní s nemecko-slovenskými ekvivalentami slo...

ver descrição completa

Na minha lista:
Detalhes bibliográficos
Autor principal: Ondrčková, Eva
Formato: Capítulo de Livro
Idioma:eslovaco
Assuntos:
Tags: Adicionar Tag
Sem tags, seja o primeiro a adicionar uma tag!

MARC

LEADER 00000naa$a2200000$$$4500
001 0051076
005 20240502071607.6
041 0 |a slo 
044 |a SK 
245 1 0 |a Obchodné rokovania v nemčine (informácia o novej publikácii)  |c Eva Ondrčková 
520 |a Informácia o nemeckej časti publikácie Obchodné rokovania v nemčine a angličtine. Teoretická časť popisuje jednotlivé zložky obchodného rokovania. Praktická časť obsahuje rokovania k jednotlivým obchodným prípadom. Poslednú časť tvorí Jazyk obchodných rokovaní s nemecko-slovenskými ekvivalentami slovných spojení a fráz k jednotlivým rokovaniam a slovné spojenia z obchodnej oblasti. 
610 2 0 |a rokovania obchodné 
610 2 0 |a nemčina 
610 2 0 |a komunikácia 
100 1 |a Ondrčková, Eva